000
00268nam a2200097Ia 4500
001
640736
005
20250826153453.0
008
250824s9999 xx 000 0 und d
245
0
_a
OSMANLI GÜNLÜKLERİ 1 KURULUŞ SULTANLARI
_c
SEVİNÇ KUŞOĞLU
260
_b
GENÇ TİMAŞ
999
_c
640736
_d
640736